[Event "Olimpiada Calviá 2004"]
[Site "Calviá ESP"]
[Date "2004.10.15"]
[Round "1.3"]
[White "Gluckman, David"]
[Black "Huzman, Alexander"]
[Result "0-1"]
[WhiteElo "2343"]
[BlackElo "2581"]
[PlyCount "70"]
[EventDate "2004.10.15"]
[EventType "team"]
[EventRounds "14"]
[EventCountry "ESP"]
[Source "lmi"]
[SourceDate "2004.10.27"]

1. e4 g6 2. d4 Bg7 3. Nc3 d6 4. Bc4 c6 5. a4 Nf6 6. Nf3 O-O 7. Bb3 Na6 8. O-O
Nc7 9. Re1 Be6 10. d5 Bg4 11. h3 Bxf3 12. Qxf3 Nd7 13. Bg5 Rc8 14. dxc6 bxc6
15. Rad1 Nc5 16. Bc4 Rb8 17. e5 d5 18. Bc1 N7e6 19. Bf1 Qa5 20. b3 f6 21. Nxd5
cxd5 22. Qxd5 fxe5 23. Bc4 Kh8 24. Ba3 Qc7 25. Qd2 Nd4 26. Qe3 Nxa4 27. Qg5 Bf6
28. Qg4 Nb6 29. Bd3 Nd5 30. Bb2 Nf4 31. Bc4 h5 32. Qg3 Qxc4 33. Bxd4 Ne2+ 34.
Rxe2 Qxe2 35. Rd3 exd4 0-1

[Event "Olimpiada Calviá 2004"]
[Site "Calviá ESP"]
[Date "2004.10.15"]
[Round "1.3"]
[White "Roiz, Michael"]
[Black "Solomons, Deon"]
[Result "1-0"]
[WhiteElo "2560"]
[BlackElo "2249"]
[PlyCount "62"]
[EventDate "2004.10.15"]
[EventType "team"]
[EventRounds "14"]
[EventCountry "ESP"]
[Source "lmi"]
[SourceDate "2004.10.27"]

1. d4 g6 2. Nf3 Bg7 3. c4 d6 4. Nc3 Nf6 5. g3 O-O 6. Bg2 a6 7. O-O Nc6 8. e4
Rb8 9. h3 Nd7 10. Bg5 h6 11. Be3 e5 12. Kh2 Re8 13. Rc1 exd4 14. Nxd4 Nce5 15.
b3 c5 16. Nde2 Nf6 17. Kh1 b5 18. f4 Ned7 19. e5 dxe5 20. fxe5 Nxe5 21. Qxd8
Rxd8 22. Bxc5 Rd7 23. Bd4 Nh5 24. Nd5 Nd3 25. Rc3 Bxd4 26. Rxd3 Be5 27. Re3 f6
28. g4 Ng7 29. Nxf6+ Bxf6 30. Rxf6 bxc4 31. Rxg6 cxb3 1-0

[Event "Olimpiada Calviá 2004"]
[Site "Calviá ESP"]
[Date "2004.10.15"]
[Round "1.6"]
[White "Atakisi, Umut"]
[Black "Wells, Peter K"]
[Result "1/2-1/2"]
[WhiteElo "2304"]
[BlackElo "2504"]
[PlyCount "92"]
[EventDate "2004.10.15"]
[EventType "team"]
[EventRounds "14"]
[EventCountry "ESP"]
[Source "lmi"]
[SourceDate "2004.10.27"]

1. e4 c5 2. Nf3 Nc6 3. d4 cxd4 4. Nxd4 Nf6 5. Nc3 d6 6. Bg5 e6 7. Qd2 Be7 8.
O-O-O O-O 9. f4 Nxd4 10. Qxd4 Qa5 11. Kb1 h6 12. h4 Rd8 13. Qd2 Nxe4 14. Nxe4
Qxd2 15. Rxd2 hxg5 16. hxg5 d5 17. Nc3 Bd7 18. Rd3 Bd6 19. f5 Be5 20. Re3 Bxc3
21. Reh3 Kf8 22. Rxc3 exf5 23. Rc7 Ke7 24. Bd3 g6 25. Rxb7 Rdb8 26. Ba6 Kd6 27.
Rd1 Kc6 28. Rxb8 Rxb8 29. Be2 Kc5 30. Bf3 Bc6 31. c3 a5 32. Kc2 f6 33. gxf6 Rf8
34. Rd4 Rxf6 35. Kd3 g5 36. c4 Rd6 37. Bxd5 Bxd5 38. Rxd5+ Rxd5+ 39. cxd5 Kxd5
40. b3 f4 41. a3 g4 42. b4 axb4 43. axb4 f3 44. gxf3 gxf3 45. Ke3 Kc4 46. Kxf3
Kxb4 1/2-1/2

[Event "Olimpiada Calviá 2004"]
[Site "Calviá ESP"]
[Date "2004.10.15"]
[Round "1.11"]
[White "Jobava, Baadur"]
[Black "Bieluczyk, Tadeusz"]
[Result "1-0"]
[WhiteElo "2614"]
[BlackElo "2073"]
[PlyCount "51"]
[EventDate "2004.10.15"]
[EventType "team"]
[EventRounds "14"]
[EventCountry "ESP"]
[Source "lmi"]
[SourceDate "2004.10.27"]

1. c4 e6 2. d4 d5 3. Nc3 Nf6 4. Bg5 Nbd7 5. e3 Be7 6. Nf3 O-O 7. Qc2 b6 8. cxd5
exd5 9. Bd3 c5 10. Ne5 Nxe5 11. dxe5 Ne8 12. Bxh7+ Kh8 13. h4 Nc7 14. O-O-O f6
15. Be4 Be6 16. Qe2 f5 17. Nxd5 Bxd5 18. Bxd5 Nxd5 19. Qh5+ Kg8 20. Qf3 Qd7 21.
Rxd5 Qe6 22. Bxe7 Qxe7 23. h5 Rad8 24. Rxd8 Qxd8 25. h6 g5 26. Qb7 1-0

[Event "Olimpiada Calviá 2004"]
[Site "Calviá ESP"]
[Date "2004.10.15"]
[Round "1.12"]
[White "Degraeve, Jean-Marc"]
[Black "Eid, Fadi"]
[Result "1-0"]
[WhiteElo "2551"]
[BlackElo "2357"]
[PlyCount "87"]
[EventDate "2004.10.15"]
[EventType "team"]
[EventRounds "14"]
[EventCountry "ESP"]
[Source "lmi"]
[SourceDate "2004.10.27"]

1. e4 e5 2. Nf3 Nf6 3. Nxe5 d6 4. Nf3 Nxe4 5. d4 Bg4 6. Bd3 Nf6 7. O-O Be7 8.
Re1 O-O 9. Nbd2 c5 10. h3 Bh5 11. Nf1 Nc6 12. Ng3 Bg6 13. c3 cxd4 14. Nxd4 Nxd4
15. Bxg6 hxg6 16. Qxd4 Re8 17. Bg5 Qa5 18. Qd2 d5 19. a3 Ne4 20. Nxe4 dxe4 21.
Bxe7 Rxe7 22. Rad1 Rae8 23. Qd4 a6 24. Rd2 Qb5 25. c4 Qc6 26. c5 a5 27. Qc3 Re5
28. b4 axb4 29. axb4 R5e6 30. Qc4 b6 31. Rd5 bxc5 32. Rxc5 Qb6 33. b5 Re5 34.
Rxe5 Rxe5 35. Rb1 Kh7 36. Qe2 f5 37. Qe3 Rc5 38. g3 Kg8 39. h4 Kh7 40. Kg2 Kg8
41. Qd4 f4 42. Rc1 Rxb5 43. Rc8+ Kh7 44. Qc4 1-0

[Event "Olimpiada Calviá 2004"]
[Site "Calviá ESP"]
[Date "2004.10.15"]
[Round "1.15"]
[White "Ker, Anthony F"]
[Black "Berkes, Ferenc"]
[Result "0-1"]
[WhiteElo "2328"]
[BlackElo "2630"]
[PlyCount "50"]
[EventDate "2004.10.15"]
[EventType "team"]
[EventRounds "14"]
[EventCountry "ESP"]
[Source "lmi"]
[SourceDate "2004.10.27"]

1. e4 e6 2. d4 d5 3. Nc3 Bb4 4. a3 Bxc3+ 5. bxc3 dxe4 6. Qg4 Nf6 7. Qxg7 Rg8 8.
Qh6 Nbd7 9. Ne2 b6 10. Ng3 Bb7 11. Be2 Qe7 12. O-O O-O-O 13. f3 Rg6 14. Qh4
exf3 15. Bxf3 Bxf3 16. Rxf3 Rdg8 17. a4 h5 18. Ba3 Qd8 19. Rf2 Rg4 20. Qh3 a5
21. Re1 h4 22. Nf1 Ne4 23. Rfe2 f5 24. d5 exd5 25. Ne3 Ng5 0-1

[Event "Olimpiada Calviá 2004"]
[Site "Calviá ESP"]
[Date "2004.10.15"]
[Round "1.15"]
[White "Acs, Peter"]
[Black "Smith, Robert W"]
[Result "1-0"]
[WhiteElo "2521"]
[BlackElo "2251"]
[PlyCount "97"]
[EventDate "2004.10.15"]
[EventType "team"]
[EventRounds "14"]
[EventCountry "ESP"]
[Source "lmi"]
[SourceDate "2004.10.27"]

1. e4 c6 2. d4 d5 3. exd5 cxd5 4. c4 Nf6 5. Nc3 e6 6. Nf3 Bb4 7. Bd3 dxc4 8.
Bxc4 O-O 9. O-O b6 10. Bg5 Bb7 11. Re1 Nbd7 12. Rc1 Rc8 13. Bd3 Bxc3 14. bxc3
Qc7 15. c4 h6 16. Bh4 Nh5 17. Bf1 Rfe8 18. Ne5 Nhf6 19. Bxf6 Nxf6 20. c5 Bd5
21. Qa4 Qe7 22. c6 Rc7 23. Re3 Rd8 24. f3 Rd6 25. Rec3 Ne8 26. Ba6 Qh4 27. Bb7
Rd8 28. Rd1 Nd6 29. Ba6 Nf5 30. Bf1 Qe7 31. Bd3 Nd6 32. Bb1 Ne8 33. Qc2 Nf6 34.
Qd3 Rd6 35. Rdc1 Qd8 36. a3 Kf8 37. Qd2 Kg8 38. g4 Kf8 39. Qf4 Ne8 40. h4 Kg8
41. g5 hxg5 42. hxg5 Qe7 43. R3c2 f6 44. Rh2 Qd8 45. Rh8+ Kxh8 46. Qh4+ Kg8 47.
Qh7+ Kf8 48. Qh8+ Ke7 49. Ng6+ 1-0

[Event "Olimpiada Calviá 2004"]
[Site "Calviá ESP"]
[Date "2004.10.15"]
[Round "1.16"]
[White "Bachmann, Axel"]
[Black "Bu, Xiangzhi"]
[Result "0-1"]
[WhiteElo "2282"]
[BlackElo "2615"]
[PlyCount "72"]
[EventDate "2004.10.15"]
[EventType "team"]
[EventRounds "14"]
[EventCountry "ESP"]
[Source "lmi"]
[SourceDate "2004.10.27"]

1. e4 c5 2. Nc3 g6 3. g3 Bg7 4. Bg2 Nc6 5. Nge2 d6 6. d3 h5 7. h3 e5 8. Be3
Nge7 9. Qd2 Nd4 10. f4 Be6 11. O-O Qd7 12. Kh2 O-O 13. Nd1 d5 14. Nec3 f5 15.
exd5 Nxd5 16. Nxd5 Bxd5 17. Nc3 Bc6 18. h4 Rfe8 19. fxe5 Bxe5 20. Bf4 Bxf4 21.
Rxf4 Re6 22. Raf1 Rae8 23. R4f2 Bxg2 24. Rxg2 Re1 25. Rgf2 Rxf1 26. Rxf1 Qc6
27. Kh3 b5 28. Qg2 Qxg2+ 29. Kxg2 Nxc2 30. Rc1 Ne1+ 31. Kf1 Nxd3 32. Rd1 Nxb2
33. Rd7 a6 34. Nd5 Re6 35. Nf4 Rc6 36. Nd5 Kf8 0-1

[Event "Olimpiada Calviá 2004"]
[Site "Calviá ESP"]
[Date "2004.10.15"]
[Round "1.17"]
[White "Khamdamov, Suhrob"]
[Black "Azarov, Sergei"]
[Result "1-0"]
[WhiteElo "2150"]
[BlackElo "2556"]
[PlyCount "123"]
[EventDate "2004.10.15"]
[EventType "team"]
[EventRounds "14"]
[EventCountry "ESP"]
[Source "lmi"]
[SourceDate "2004.10.27"]

1. d4 Nf6 2. c4 e6 3. Nc3 Bb4 4. e3 O-O 5. Nge2 d5 6. a3 Be7 7. Nf4 c6 8. Be2
Nbd7 9. cxd5 exd5 10. O-O Bd6 11. Qc2 a5 12. Bd3 Re8 13. f3 Bxf4 14. exf4 b6
15. f5 Ba6 16. Bxa6 Rxa6 17. Bg5 h6 18. Bh4 b5 19. Rfe1 Ra8 20. Rxe8+ Qxe8 21.
Re1 Qf8 22. Ne2 Rc8 23. Nf4 a4 24. Rc1 Qd6 25. Nd3 Nb6 26. Bg3 Qd8 27. Qc5 Nfd7
28. Qd6 Nc4 29. Qf4 Qf8 30. Bh4 f6 31. Re1 Qf7 32. Qg4 Re8 33. Re6 h5 34. Qh3
Nf8 35. Nf4 b4 36. Be1 bxa3 37. bxa3 Rb8 38. Rxc6 Rb1 39. Kf2 Qe8 40. Re6 Qb8
41. Nxd5 Nxe6 42. fxe6 Qb2+ 43. Kg3 Qc1 44. Qf5 Qxe1+ 45. Kh3 Nd6 46. Ne7+ Kf8
47. Ng6+ Kg8 48. Ne7+ Kf8 49. Ng6+ Kg8 50. Qd5 Rb8 51. Qxd6 Re8 52. d5 Qb1 53.
Nh4 Qb7 54. Nf5 Kh7 55. Qc5 Rc8 56. Qe7 Rc7 57. Qd8 Qb1 58. Ng3 Qb7 59. d6 Rc4
60. Qe8 h4 61. d7 Rd4 62. Nf5 1-0

[Event "Olimpiada Calviá 2004"]
[Site "Calviá ESP"]
[Date "2004.10.15"]
[Round "1.23"]
[White "Sakelsek, Tadej"]
[Black "Corbin, Philip"]
[Result "0-1"]
[WhiteElo "2425"]
[BlackElo "2242"]
[PlyCount "48"]
[EventDate "2004.10.15"]
[EventType "team"]
[EventRounds "14"]
[EventCountry "ESP"]
[Source "lmi"]
[SourceDate "2004.10.27"]

1. e4 e5 2. Nf3 d5 3. exd5 Bd6 4. d4 e4 5. Ne5 Nf6 6. Bb5+ c6 7. dxc6 bxc6 8.
Nxc6 Qb6 9. c4 Nxc6 10. d5 O-O 11. Bxc6 Ng4 12. Qe2 f5 13. Bxa8 f4 14. f3 Ne5
15. Nc3 exf3 16. gxf3 Bf5 17. Ne4 Bb4+ 18. Kd1 Qd4+ 19. Kc2 Nxf3 20. Rd1 Bxe4+
21. Kb3 Rb8 22. Bc6 Bd2+ 23. Bb5 Rxb5+ 24. cxb5 Qb4# 0-1

[Event "Olimpiada Calviá 2004"]
[Site "Calviá ESP"]
[Date "2004.10.15"]
[Round "1.24"]
[White "Kotronias, Vasilios"]
[Black "Thamtavatvorn, Taweechai"]
[Result "1-0"]
[WhiteElo "2599"]
[BlackElo "2214"]
[PlyCount "53"]
[EventDate "2004.10.15"]
[EventType "team"]
[EventRounds "14"]
[EventCountry "ESP"]
[Source "lmi"]
[SourceDate "2004.10.27"]

1. e4 e6 2. d4 d5 3. Nd2 c5 4. Ngf3 Nc6 5. exd5 exd5 6. Bb5 Bd6 7. dxc5 Bxc5 8.
O-O Nge7 9. Nb3 Bb6 10. Re1 O-O 11. Be3 Bg4 12. h3 Bxe3 13. Rxe3 Bh5 14. c3 Qc7
15. Be2 Rad8 16. Nfd4 Bg6 17. Bf3 Ne5 18. Qe2 N7c6 19. Nxc6 Nxf3+ 20. Qxf3 bxc6
21. Rae1 Qb6 22. Re5 h6 23. Qe3 Rb8 24. Nc5 Rfd8 25. b3 Rd6 26. Qd4 Be4 27.
R5xe4 1-0

[Event "Olimpiada Calviá 2004"]
[Site "Calviá ESP"]
[Date "2004.10.15"]
[Round "1.25"]
[White "Hellsten, Johan"]
[Black "El-Zayat, Ahmed"]
[Result "1-0"]
[WhiteElo "2564"]
[BlackElo "1958"]
[PlyCount "77"]
[EventDate "2004.10.15"]
[EventType "team"]
[EventRounds "14"]
[EventCountry "ESP"]
[Source "lmi"]
[SourceDate "2004.10.27"]

1. d4 d5 2. c4 c6 3. Nf3 Nf6 4. Qb3 dxc4 5. Qxc4 Qd5 6. Qa4 Bf5 7. Nc3 Qd8 8.
g3 e6 9. Bg2 Nbd7 10. O-O Bd6 11. Bg5 Qb6 12. Nd2 Bg6 13. Nc4 Qb4 14. Bf4 Be7
15. Qxb4 Bxb4 16. a3 Be7 17. Na5 Nb6 18. Nxb7 Nfd5 19. Na5 Kd7 20. Bd2 f5 21.
b4 Nxc3 22. Bxc3 Nd5 23. Bd2 Bh5 24. Rfe1 Bf6 25. e3 g5 26. Rac1 Rac8 27. Rc2
Rc7 28. Rec1 Rhc8 29. Bf1 Ne7 30. Ba6 Rb8 31. Kg2 Rb6 32. b5 f4 33. exf4 Bxd4
34. Nb3 Bg7 35. Nc5+ Kd6 36. Ne4+ Kd7 37. Ba5 gxf4 38. Bxb6 axb6 39. bxc6+ 1-0

[Event "Olimpiada Calviá 2004"]
[Site "Calviá ESP"]
[Date "2004.10.15"]
[Round "1.31"]
[White "Santa Torres, Juan"]
[Black "Lie, Kjetil A"]
[Result "0-1"]
[WhiteElo "2229"]
[BlackElo "2474"]
[PlyCount "130"]
[EventDate "2004.10.15"]
[EventType "team"]
[EventRounds "14"]
[EventCountry "ESP"]
[Source "lmi"]
[SourceDate "2004.10.27"]

1. d4 Nf6 2. c4 c5 3. Nf3 cxd4 4. Nxd4 e5 5. Nb5 d5 6. cxd5 Bc5 7. e3 O-O 8.
N5c3 e4 9. Be2 Na6 10. O-O Re8 11. a3 Nc7 12. b4 Bd6 13. Bb2 Nfxd5 14. Nxd5
Nxd5 15. g3 Be6 16. Qd4 f6 17. Qxe4 Bf7 18. Qd3 Nb6 19. Nd2 Qe7 20. Rac1 Rad8
21. Bd4 Kh8 22. Nf3 Bb8 23. Rfd1 Nd5 24. Qc2 Qe6 25. Nh4 g6 26. Bb5 Kg7 27.
Bxe8 Rxe8 28. Bb2 Ne7 29. Nf3 Qg4 30. Bxf6+ Kxf6 31. Qb2+ Ke6 32. Nd4+ Kd7 33.
Qc2 Nd5 34. f3 Qg5 35. e4 Qe3+ 36. Kh1 Be5 37. Nb5 Qxf3+ 38. Qg2 Qxg2+ 39. Kxg2
a6 40. Nc3 Bxc3 41. Rxc3 Rxe4 42. Rcd3 Kc6 43. Kf3 Rc4 44. Re1 Nf6 45. Kf2 Rc2+
46. Kg1 Bd5 47. h3 Rg2+ 48. Kf1 Rh2 49. Rc1+ Kd6 50. Rc8 Rxh3 51. Rf8 Rh1+ 52.
Ke2 Rh2+ 53. Ke1 Rh1+ 54. Ke2 Rh2+ 55. Ke1 Nd7 56. Rd8 Rh5 57. Rh8 Re5+ 58. Kf2
Nf6 59. Kg1 Ke6 60. Rc8 Bc6 61. Rcd8 Ng4 62. Rd1 h5 63. R8d6+ Kf5 64. Rf1+ Kg5
65. Rc1 Re3 0-1

[Event "Olimpiada Calviá 2004"]
[Site "Calviá ESP"]
[Date "2004.10.15"]
[Round "1.37"]
[White "Mueller, Leonhard"]
[Black "Atalik, Suat"]
[Result "0-1"]
[WhiteElo "2213"]
[BlackElo "2541"]
[PlyCount "48"]
[EventDate "2004.10.15"]
[EventType "team"]
[EventRounds "14"]
[EventCountry "ESP"]
[Source "lmi"]
[SourceDate "2004.10.27"]

1. d4 Nf6 2. c4 e6 3. Nc3 Bb4 4. Qc2 O-O 5. a3 Bxc3+ 6. Qxc3 d6 7. g3 e5 8.
dxe5 dxe5 9. Bg2 Qe7 10. Nf3 Re8 11. O-O c5 12. Bg5 Nc6 13. e3 Bf5 14. Bxf6
Qxf6 15. b4 Rad8 16. Rfd1 Rxd1+ 17. Rxd1 Bg4 18. b5 Bxf3 19. Bxf3 Qxf3 20. Rd7
Nd4 21. Qb2 h5 22. exd4 exd4 23. Qb1 h4 24. Rd5 h3 0-1

[Event "Olimpiada Calviá 2004"]
[Site "Calviá ESP"]
[Date "2004.10.15"]
[Round "1.37"]
[White "Kirsten, Jorrit"]
[Black "Arapovic, Vitomir"]
[Result "0-1"]
[WhiteElo "2200"]
[BlackElo "2430"]
[PlyCount "78"]
[EventDate "2004.10.15"]
[EventType "team"]
[EventRounds "14"]
[EventCountry "ESP"]
[Source "lmi"]
[SourceDate "2004.10.27"]

1. e4 g6 2. d4 Bg7 3. Nc3 d6 4. Be3 c6 5. Qd2 Nd7 6. f3 b5 7. Nge2 Nb6 8. Nc1
h5 9. Be2 Nf6 10. O-O Rb8 11. a4 Nc4 12. Bxc4 bxc4 13. b3 Ba6 14. N3e2 cxb3 15.
Nxb3 O-O 16. Rab1 Nd7 17. Rfe1 Nb6 18. Qa5 Bxe2 19. Rxe2 Nc4 20. Qc3 Nxe3 21.
Qxe3 Qb6 22. a5 Qa6 23. Rd2 Qc4 24. Qd3 Rb4 25. Qxc4 Rxc4 26. Kf2 Rb8 27. Rbd1
Rbb4 28. e5 dxe5 29. dxe5 Bxe5 30. Rd8+ Kg7 31. R1d2 Ra4 32. Ra8 Bc3 33. Rd7
Bxa5 34. Nxa5 Rxc2+ 35. Kg3 Rxa5 36. Rxe7 Raa2 37. Raxa7 Rxg2+ 38. Kf4 Rxa7 39.
Rxa7 Rxh2 0-1

[Event "Olimpiada Calviá 2004"]
[Site "Calviá ESP"]
[Date "2004.10.15"]
[Round "1.46"]
[White "Fesalbon, Rolando"]
[Black "Rojas, Luis"]
[Result "0-1"]
[WhiteElo "2148"]
[BlackElo "2385"]
[PlyCount "60"]
[EventDate "2004.10.15"]
[EventType "team"]
[EventRounds "14"]
[EventCountry "ESP"]
[Source "lmi"]
[SourceDate "2004.10.27"]

1. e4 e6 2. d4 d5 3. exd5 exd5 4. Nf3 Nc6 5. Bb5 Bd6 6. Bg5 Nge7 7. Nc3 Be6 8.
Ne5 Bxe5 9. dxe5 O-O 10. Bxc6 bxc6 11. Qd4 h6 12. Bh4 Qd7 13. Bxe7 Qxe7 14. Na4
Rab8 15. Nc5 Qg5 16. g3 Bh3 17. f4 Qh5 18. Kf2 Qg6 19. Rac1 Bf5 20. Rhe1 h5 21.
h4 Rfd8 22. Na6 Rb6 23. Nb4 Rdb8 24. a3 Be4 25. c4 a5 26. cxd5 cxd5 27. Rxc7
axb4 28. a4 Rc6 29. Rc1 Rxc1 30. Rxc1 Qg4 0-1

[Event "Olimpiada Calviá 2004"]
[Site "Calviá ESP"]
[Date "2004.10.15"]
[Round "1.48"]
[White "Frick, Renato"]
[Black "Gnusarev, Petr"]
[Result "0-1"]
[WhiteElo "2151"]
[BlackElo "2357"]
[PlyCount "110"]
[EventDate "2004.10.15"]
[EventType "team"]
[EventRounds "14"]
[EventCountry "ESP"]
[Source "lmi"]
[SourceDate "2004.10.27"]

1. e4 c5 2. Nf3 e6 3. d4 cxd4 4. Nxd4 a6 5. c4 Nf6 6. Nc3 Qc7 7. Bd3 Nc6 8.
Nxc6 dxc6 9. O-O e5 10. h3 Bc5 11. Qf3 Be6 12. Be3 Bd4 13. Bxd4 exd4 14. Ne2
O-O-O 15. Rac1 Nd7 16. Rfd1 Ne5 17. Qg3 g5 18. Qxg5 Nf3+ 19. gxf3 Rhg8 20. Qg3
Bxh3 21. Kh2 Rxg3 22. fxg3 Be6 23. Kg2 h5 24. Rh1 Qa5 25. Rc2 Qxa2 26. Rxh5 Qb3
27. Nf4 Qb4 28. Kf2 a5 29. Rh1 Rg8 30. Be2 Qc5 31. Rcc1 a4 32. Rc2 Kc7 33. Rcc1
a3 34. bxa3 Qxa3 35. Bd3 Qa5 36. Rce1 Qc3 37. Re2 Ra8 38. Rc2 Qb3 39. Rh7 Kd7
40. Rh1 Ra3 41. Rhc1 Qb4 42. Ke2 Kc7 43. Rd2 Rb3 44. Rcc2 Bd7 45. Kf2 Bc8 46.
Bf1 Rc3 47. Rb2 Qc5 48. Kg2 Ra3 49. Rb1 b6 50. Rdb2 Ba6 51. Rxb6 Ra2+ 52. Kh1
d3 53. R6b2 Rxb2 54. Rxb2 Qxc4 55. Bxd3 Qc3 0-1

[Event "Olimpiada Calviá 2004"]
[Site "Calviá ESP"]
[Date "2004.10.15"]
[Round "1.51"]
[White "Gautam, Asheesh"]
[Black "Mallahi, Amir"]
[Result "0-1"]
[WhiteElo "1969"]
[BlackElo "2383"]
[PlyCount "62"]
[EventDate "2004.10.15"]
[EventType "team"]
[EventRounds "14"]
[EventCountry "ESP"]
[Source "lmi"]
[SourceDate "2004.10.27"]

1. e4 c5 2. Nf3 Nc6 3. d4 cxd4 4. Nxd4 Nf6 5. Nc3 d6 6. Bc4 e5 7. Nde2 Be6 8.
Bxe6 fxe6 9. O-O Be7 10. Kh1 d5 11. Ng3 d4 12. Nce2 h5 13. f4 h4 14. fxe5 Nxe5
15. Bf4 Neg4 16. e5 hxg3 17. exf6 Rxh2+ 18. Kg1 Qd5 19. Rf3 Bxf6 20. Bxg3 Rxg2+
21. Kxg2 Ne3+ 22. Kf2 Nxd1+ 23. Rxd1 e5 24. c3 e4 25. Rxf6 e3+ 26. Kg1 gxf6 27.
Rxd4 Qf3 28. Rh4 Kf7 29. Rh6 Kg8 30. Rh2 Rd8 31. Rg2 Rd1+ 0-1

[Event "Olimpiada Calviá 2004"]
[Site "Calviá ESP"]
[Date "2004.10.15"]
[Round "1.54"]
[White "Van Tilbury, Craig"]
[Black "Neubauer, Martin"]
[Result "0-1"]
[WhiteElo "2309"]
[BlackElo "2440"]
[PlyCount "84"]
[EventDate "2004.10.15"]
[EventType "team"]
[EventRounds "14"]
[EventCountry "ESP"]
[Source "lmi"]
[SourceDate "2004.10.27"]

1. d4 Nf6 2. c4 g6 3. Nc3 d5 4. e3 Bg7 5. Nf3 O-O 6. cxd5 Nxd5 7. Bc4 Nb6 8.
Bb3 c5 9. O-O cxd4 10. exd4 Nc6 11. d5 Na5 12. Re1 Bg4 13. h3 Bxf3 14. Qxf3
Nxb3 15. axb3 Re8 16. Rd1 Nc8 17. Be3 Qd7 18. Ra4 a6 19. Bf4 Nd6 20. g4 Rac8
21. Kg2 Rc5 22. Be3 Rc7 23. Bb6 Rcc8 24. Ra5 f5 25. Rc5 Rf8 26. Qe2 fxg4 27.
hxg4 Rf4 28. f3 Rb4 29. Rxc8+ Qxc8 30. Bf2 Bf6 31. Ne4 Nxe4 32. fxe4 Rxb3 33.
Rd2 Qc1 34. Rc2 Rxb2 35. Rxc1 Rxe2 36. Kf3 Rb2 37. Bg3 Rb3+ 38. Kg2 Re3 39. d6
exd6 40. Rc8+ Kf7 41. Rc7+ Ke6 42. Rxb7 Rxe4 0-1

[Event "Olimpiada Calviá 2004"]
[Site "Calviá ESP"]
[Date "2004.10.15"]
[Round "1.55"]
[White "Cekro, Ekrem"]
[Black "Fancy, Stuart"]
[Result "1-0"]
[WhiteElo "2433"]
[BlackElo "2195"]
[PlyCount "101"]
[EventDate "2004.10.15"]
[EventType "team"]
[EventRounds "14"]
[EventCountry "ESP"]
[Source "lmi"]
[SourceDate "2004.10.27"]

1. c4 g6 2. g3 Bg7 3. Bg2 e5 4. e4 Ne7 5. Ne2 a6 6. d4 Nbc6 7. Be3 exd4 8. Nxd4
O-O 9. O-O d6 10. h3 Ne5 11. Nd2 c5 12. Ne2 N7c6 13. Rb1 Be6 14. b3 Qa5 15. f4
Nd3 16. f5 Bd7 17. f6 Bh8 18. Nf3 Ndb4 19. Ra1 Bxf6 20. a3 Bxa1 21. axb4 Nxb4
22. Qxd6 Rad8 23. Bxc5 Nc6 24. b4 Qa2 25. Qd1 Bg7 26. Bxf8 Bxf8 27. Nc3 Qxc4
28. Nd5 Be6 29. Ng5 Bxb4 30. Qf3 Rf8 31. Nf6+ Kg7 32. Nfxh7 Rh8 33. Nxe6+ Qxe6
34. Ng5 Qe7 35. Qxf7+ Kh6 36. Qxe7 Bxe7 37. Nf7+ Kg7 38. Nxh8 Kxh8 39. e5 Bc5+
40. Kh2 Nxe5 41. Bxb7 a5 42. Re1 Nf7 43. Bc6 Kg7 44. Be8 Bb4 45. Re6 Nd6 46.
Rxg6+ Kh7 47. Re6 Nxe8 48. Rxe8 Kg6 49. Re5 Kf6 50. Rb5 Kg6 51. h4 1-0

[Event "Olimpiada Calviá 2004"]
[Site "Calviá ESP"]
[Date "2004.10.16"]
[Round "2.2"]
[White "Johansen, Darryl K"]
[Black "Avrukh, Boris"]
[Result "0-1"]
[WhiteElo "2483"]
[BlackElo "2614"]
[PlyCount "99"]
[EventDate "2004.10.15"]
[EventType "team"]
[EventRounds "14"]
[EventCountry "ESP"]
[Source "lmi"]
[SourceDate "2004.10.27"]

1. c4 e5 2. Nc3 Bb4 3. g3 Nf6 4. Bg2 O-O 5. e4 Bxc3 6. dxc3 Na6 7. Ne2 Nc5 8.
Qc2 d6 9. O-O a5 10. h3 Be6 11. b3 Nfd7 12. f4 a4 13. Be3 axb3 14. axb3 Rxa1
15. Rxa1 f5 16. fxe5 dxe5 17. exf5 Bxf5 18. Qd1 c6 19. b4 Nd3 20. Qd2 Bg6 21.
c5 Nf6 22. Bg5 h6 23. Bh4 Qd7 24. Bxf6 Rxf6 25. Qe3 Qf7 26. Rd1 Qb3 27. Qd2 Rf2
28. Rf1 Rxf1+ 29. Bxf1 Qb1 30. g4 Bf7 31. g5 h5 32. h4 Bg6 33. Ng3 e4 34. Ne2
Bf5 35. Ng3 Bg6 36. Ne2 Ne5 37. Nd4 Bf7 38. Kg2 Bd5 39. Qe3 Ng4 40. Qf4 e3+ 41.
Kg1 Qe1 42. Qb8+ Kh7 43. g6+ Kxg6 44. Qe8+ Kh7 45. Qxh5+ Nh6 46. Qe2 Qg3+ 47.
Bg2 Ng4 48. Nf3 Qf2+ 49. Qxf2 exf2+ 50. Kf1 0-1

[Event "Olimpiada Calviá 2004"]
[Site "Calviá ESP"]
[Date "2004.10.16"]
[Round "2.2"]
[White "Smerdon, David"]
[Black "Roiz, Michael"]
[Result "0-1"]
[WhiteElo "2425"]
[BlackElo "2560"]
[PlyCount "100"]
[EventDate "2004.10.15"]
[EventType "team"]
[EventRounds "14"]
[EventCountry "ESP"]
[Source "lmi"]
[SourceDate "2004.10.27"]

1. e4 c5 2. c3 d5 3. exd5 Qxd5 4. d4 Nf6 5. Nf3 e6 6. Be2 cxd4 7. cxd4 Nc6 8.
Nc3 Qd6 9. O-O Be7 10. Nb5 Qd8 11. Bf4 Nd5 12. Bg3 O-O 13. Bc4 a6 14. Bxd5 exd5
15. Nc7 Rb8 16. Ne5 Nxe5 17. Bxe5 f6 18. Bg3 Bd6 19. Rc1 Bxg3 20. hxg3 Bf5 21.
Qb3 Rf7 22. Rc5 b6 23. Rxd5 Qxc7 24. Rxf5 Rd8 25. Rd5 Rc8 26. Re1 g6 27. Re3
Qc1+ 28. Kh2 Kg7 29. Qxb6 Qf1 30. Rc3 Rxc3 31. bxc3 Qxf2 32. Qxa6 Qe3 33. Qc8
f5 34. Re5 Qh6+ 35. Kg1 Qc1+ 36. Kf2 f4 37. g4 Qh1 38. Qc6 Qh4+ 39. Ke2 Qxg4+
40. Qf3 Qc8 41. d5 Qb8 42. Re4 Qb2+ 43. Kf1 Qxa2 44. Rd4 Qa6+ 45. Kg1 Qd6 46.
c4 g5 47. Qc3 Qc5 48. Kh1 Rf6 49. d6 Rh6+ 50. Kg1 Rxd6 0-1

[Event "Olimpiada Calviá 2004"]
[Site "Calviá ESP"]
[Date "2004.10.16"]
[Round "2.3"]
[White "Mamedyarov, Shakhriyar"]
[Black "Vasquez, Rodrigo"]
[Result "1-0"]
[WhiteElo "2660"]
[BlackElo "2546"]
[PlyCount "101"]
[EventDate "2004.10.15"]
[EventType "team"]
[EventRounds "14"]
[EventCountry "ESP"]
[Source "lmi"]
[SourceDate "2004.10.27"]

1. e4 c5 2. Nf3 Nc6 3. Bb5 d6 4. O-O Bd7 5. Re1 Nf6 6. c3 a6 7. Bf1 Bg4 8. d4
cxd4 9. cxd4 d5 10. e5 Nd7 11. h3 Bxf3 12. Qxf3 Nxd4 13. Qxd5 Nc2 14. Rd1 Qc7
15. e6 fxe6 16. Qxe6 Qc6 17. Qe2 Nxa1 18. Nc3 O-O-O 19. Be3 Nf6 20. Rxa1 e5 21.
a4 Kb8 22. Nb5 Nd5 23. Ba7+ Ka8 24. Qxe5 Bc5 25. Nd4 Qd6 26. Qxd6 Bxd6 27. Nb5
axb5 28. axb5 Bc7 29. Be2 Rhf8 30. Bb6+ Kb8 31. Ba7+ Kc8 32. Bg4+ Rd7 33. Bc5
Rff7 34. Ra8+ Bb8 35. Ba7 Kc7 36. Bxb8+ Kb6 37. Bxd7 Rxd7 38. Be5 Re7 39. f4
Kxb5 40. Rb8 Kc6 41. Rg8 g6 42. Kf2 Nb4 43. Ke2 Kd5 44. Kf3 Nc6 45. Bh8 b5 46.
g4 Re1 47. Rg7 Nd4+ 48. Kf2 Re8 49. Rd7+ Ke6 50. Rxh7 Nc6 51. h4 1-0

[Event "Olimpiada Calviá 2004"]
[Site "Calviá ESP"]
[Date "2004.10.16"]
[Round "2.4"]
[White "Abdulla, Al-Rakib"]
[Black "Babula, Vlastimil"]
[Result "0-1"]
[WhiteElo "2474"]
[BlackElo "2571"]
[PlyCount "50"]
[EventDate "2004.10.15"]
[EventType "team"]
[EventRounds "14"]
[EventCountry "ESP"]
[Source "lmi"]
[SourceDate "2004.10.27"]

1. d4 Nf6 2. c4 e6 3. Bg5 h6 4. Bh4 b6 5. Nc3 Bb7 6. Rc1 Be7 7. Nf3 O-O 8. e3
c5 9. dxc5 bxc5 10. Be2 d5 11. O-O Nbd7 12. Qc2 Bc6 13. Rfd1 Qb6 14. Rd2 Rac8
15. Rcd1 Rfd8 16. b3 Qb4 17. Bxf6 Nxf6 18. h3 Ba8 19. Ne1 d4 20. exd4 cxd4 21.
Nb5 e5 22. Nd3 Qa5 23. Nxe5 a6 24. Nxf7 Kxf7 25. Nxd4 Bb4 0-1